Szczegóły MARC21

Germinal /

003 -Nazwa inst., której nr kontr. jest w polu 001 [,]
    • @
    • Nazwa instytucji, której n kontrolny jest w polu 001
    • NUKAT
005 -DATA I CZAS OSTATNIEJ MODYFIKACJI [,]
    • @
    • pole kontrolne
    • 20241231113533.0
040 -Instytucja sporządzająca opis [ , ]
    • a
    • Instytucja, która sporządziła opis (NP)
    • KAT U/JP
    • c
    • Instytucja, która sporządziła rekord (NP)
    • KAT U/JPmok
    • d
    • Instytucja, która zmodyfikowała rekord (P)
    • KAT U/JPs
041 -Język dokumentu [1, ]
    • a
    • Język tekstu (P)
    • polski
    • h
    • Język tekstu oryginalnego i/lub pośredniego (P)
    • francuski
942 -Rodzaj dokumentu [ , ]
    • c
    • Rodzaj dokumentu
    • Książka
100 -Hasło główne - nazwa osobowa [1, ]
    • a
    • Nazwa osobowa (NP)
    • Zola, Émile
    • d
    • Daty biograficzne (NP)
    • (1840-1902).
    • 9
    • KHW
    • 13809
240 -Tytuł ujednolicony [1,0]
    • a
    • Tytuł ujednolicony
    • Germinal
    • l
    • Język tekstu
    • (pol.)
    • 9
    • KHW
    • 502387
245 -Strefa tytułu i oznaczenia odpowiedzialności [1,0]
    • a
    • Tytuł
    • Germinal / Find
    • c
    • Pozostałe elementy strefy tytułu i oznaczenia odpowiedzialności (NP)
    • Emil Zola ; przeł. Krystyna Dolatowska.
260 -Strefa adresu wydawniczego [ , ]
    • a
    • Miejsce wydania (P)
    • Warszawa :
    • b
    • Nazwa wydawcy (P)
    • Państwowy Instytut Wydawniczy,
    • c
    • Data wydania (P)
    • 1959.
300 -Strefa opisu fizycznego [ , ]
    • a
    • Określenie formy książki i/lub objętość (NP)
    • 430, [1] s. ;
    • c
    • Format (NP)
    • 21 cm.
336 -Typ zawartości [ , ]
    • a
    • Termin opisujący typ zawartości
    • Tekst
    • b
    • Kod określający zawartość
    • txt
    • 2
    • Źródło (terminu i kodu)
    • rdacontent
337 -Typ mediów [ , ]
    • a
    • Tryb odtwarzania
    • Bez urządzenia pośredniczącego
    • b
    • Kod typu mediów
    • n
    • 2
    • Źródło (terminu i kodu)
    • rdamedia
338 -Typ/rodzaj nośnika [ , ]
    • a
    • Hasło opisujące typ nośnika
    • Wolumin
    • b
    • Kod typu nośnika
    • nc
    • 2
    • Źródło (terminu i kodu)
    • rdacarrier
380 -Deskryptor - Forma dzieła (P) [ , ]
    • a
    • forma dzieła (NP)
    • Książki
380 -Deskryptor - Forma dzieła (P) [ , ]
    • a
    • forma dzieła (NP)
    • Proza
386 -Deskryptor - przynależność kulturowa (P) [ , ]
    • m
    • Wyrażenie wprowadzające (NP)
    • Przynależność kulturowa
    • a
    • Przynależność kulturowa (NP)
    • Literatura francuska
388 -Deskryptor - czas powstania dzieła (P) [1, ]
    • a
    • Czas powstania dzieła (NP)
    • 1801-1900
490 -Strefa serii i książki wielotomowej - forma nie do wyszukiwania [1, ]
    • a
    • Tytuł (P)
    • Rougon-Macquartowie : historia naturalna i społeczna rodziny za Drugiego Cesarstwa / Emil Zola ; Find
    • v
    • Numeracja (P)
    • 13
080 -Uniwersalna Klasyfikacja Dziesiętna [ , ]
    • a
    • Symbol klasyfikacji
    • 840-31
648 -Hasło przedmiotowe - chronologia [ ,7]
    • a
    • Deskryptor chronologiczny
    • 1801-1900
    • 2
    • Źródło terminu
    • DBN
    • 9
    • KHW
    • 721135
655 -Hasło w funkcji tematu formalnego [ ,7]
    • a
    • Hasło
    • Powieść
    • 2
    • Źródło terminu
    • DBN
    • 9
    • KHW
    • 720932
655 -Hasło w funkcji tematu formalnego [ ,7]
    • a
    • Hasło
    • Powieść francuska
    • y
    • Określnik chronologiczny
    • 1870-1914
    • v
    • Określnik formy
    • tłumaczenia polskie.
    • 2
    • Źródło terminu
    • kaba
    • 9
    • KHW
    • 360390
980 -Symbol UKD [ , ]
    • a
    • UKD
    • 840-31
700 -Hasło dodatkowe - nazwa osobowa [1, ]
    • a
    • Nazwa osobowa (NP)
    • Dolatowska, Krystyna Find
    • d
    • Daty biograficzne (NP)
    • (1923-2012).
    • e
    • Określenie rodzaju współpracy
    • Tł.
    • 9
    • KHW
    • 13811
710 -Hasło dodatkowe - nazwa ciała zbiorowego [2, ]
    • a
    • Nazwa ciała zbiorowego lub nazwa geograficzna jako pierwszy element (NP)
    • Państwowy Instytut Wydawniczy.
    • 4
    • Kod relacji
    • pbl
    • 9
    • KHW
    • 51410
800 -Hasło dodatkowe opisu książki wielotomowej - nazwa osobowa [1, ]
    • a
    • Nazwa osobowa (NP)
    • Zola, Émile
    • d
    • Daty biograficzne (NP)
    • (1840-1902).
    • t
    • Tytuł ujednolicony/tytuł (NP)
    • Rougon-Macquart
    • l
    • Język tekstu (NP)
    • (pol.)
    • v
    • Oznaczenie tomu (NP)
    • 13
    • 9
    • KHW
    • 72979
Data inwentaryzacji Lokalizacja Status udost. Numer inwentarzowy
2002-12-09BG1JK.373